Top 50 least famous countries - Statistics

General Stats
  • This quiz has been taken 1,351 times
  • The average score is 34 of 50
Answer Stats
Rank Country % Correct
194 Nauru
84%
192 Tuvalu
84%
180 Marshall Islands
82%
190 Palau
81%
169 Saint Kitts
81%
172 Saint Lucia
81%
185 Saint Vincent
81%
178 Equatorial Guinea
80%
173 Tonga
80%
191 Kiribati
79%
195 Sao Tome
79%
170 Samoa
78%
176 Solomon Islands
78%
193 Comoros
77%
186 Vanuatu
77%
183 Guinea-Bissau
76%
189 Brunei
75%
187 East Timor
75%
164 Micronesia
74%
154 Lesotho
73%
162 Seychelles
73%
182 Burundi
72%
177 Antigua
71%
179 Djibouti
71%
188 Grenada
71%
163 Mauritius
70%
175 Cape Verde
68%
174 Gambia
68%
166 Benin
66%
158 Tajikistan
65%
153 Eritrea
64%
159 Maldives
64%
155 Trinidad
64%
171 Bahrain
63%
157 San Marino
63%
160 Kyrgyzstan
62%
165 Malawi
61%
184 Burkina Faso
59%
181 Gabon
59%
151 Kosovo
58%
167 Sierra Leone
58%
147 Liberia
55%
168 Mauritania
54%
148 Moldova
52%
149 Montenegro
48%
152 Swaziland
48%
161 Senegal
44%
156 Cameroon
37%
146 Mozambique
37%
150 Singapore
34%
No matching quizzes found
Score Distribution
Percent of People with Each Score
Percentile by Number Answered
Your Score History
You have not taken this quiz